[Event "Tradewise Gibraltar Masters 14th"]
[Site "Gibraltar"]
[Date "2016.02.03"]
[Round "9.59"]
[White "Zwahr, Paul"]
[Black "Tischbierek, Raj"]
[Result "0-1"]
[WhiteElo "2333"]
[BlackElo "2433"]
[PlyCount "100"]
[EventDate "2016.01.26"]
[EventType "swiss"]
[EventRounds "10"]
[EventCountry "GGB"]
[Source "www.saund.co.uk"]
[SourceDate "2005.02.07"]

1. e4 e6 2. d4 d5 3. Nc3 Bb4 4. e5 b6 5. a3 Bf8 6. Nf3 Ne7 7. a4 a5 8. Bb5+ c6
9. Bd3 Ba6 10. Ne2 Bxd3 11. Qxd3 Qc8 12. O-O Qa6 13. Qd2 Nd7 14. Nf4 g6 15. b3
c5 16. c4 Bh6 17. cxd5 Nxd5 18. Nxd5 Bxd2 19. Nc7+ Ke7 20. Nxa6 Bxc1 21. Nxc5
Bb2 22. Ra2 bxc5 23. Rxb2 Rac8 24. dxc5 Rxc5 25. Re1 Rd5 26. Rd2 Rxd2 27. Nxd2
Nb6 28. Kf1 Rc8 29. Ke2 Rc3 30. Kd1 Nd7 31. Re4 g5 32. Ke2 Rc2 33. Rc4 Rb2 34.
h3 Nxe5 35. Rc5 f6 36. Rxa5 Nc6 37. Rc5 Nd4+ 38. Kd3 Rxd2+ 39. Kc3 e5 40. Rxe5+
fxe5 41. Kxd2 Nxb3+ 42. Kc3 Nc5 43. a5 Kd6 44. Kc4 Kc6 45. f3 h5 46. g3 e4 47.
fxe4 Nxe4 48. Kd4 Nxg3 49. Kc3 Nf5 50. Kd3 Nh6 0-1

[Event "Tradewise Gibraltar Masters 14th"]
[Site "Gibraltar"]
[Date "2016.02.03"]
[Round "9.60"]
[White "De Haan, Eric"]
[Black "Santos Ruiz, Miguel"]
[Result "1/2-1/2"]
[WhiteElo "2313"]
[BlackElo "2427"]
[PlyCount "56"]
[EventDate "2016.01.26"]
[EventType "swiss"]
[EventRounds "10"]
[EventCountry "GGB"]
[Source "www.saund.co.uk"]
[SourceDate "2005.02.07"]

1. d4 f5 2. Nc3 Nf6 3. Bg5 d5 4. e3 e6 5. Nf3 Nbd7 6. Be2 Be7 7. O-O O-O 8. Na4
Ne4 9. Bxe7 Qxe7 10. c4 c6 11. Nc3 b6 12. Rc1 Bb7 13. Ne1 c5 14. f3 cxd4 15.
exd4 Nxc3 16. Rxc3 dxc4 17. Bxc4 Qd6 18. Nc2 Rad8 19. Qe1 Bd5 20. Bxd5 Qxd5 21.
Kh1 Qxa2 22. Nb4 Qxb2 23. Qxe6+ Kh8 24. Rb3 Rde8 25. Qxe8 Qxb3 26. Qxd7 Qxb4
27. d5 h6 28. Qxa7 Rd8 1/2-1/2

[Event "Tradewise Gibraltar Masters 14th"]
[Site "Gibraltar"]
[Date "2016.02.03"]
[Round "9.61"]
[White "Neef, Maximilian"]
[Black "Perez Garcia, Rodney Oscar"]
[Result "1/2-1/2"]
[WhiteElo "2423"]
[BlackElo "2332"]
[PlyCount "104"]
[EventDate "2016.01.26"]
[EventType "swiss"]
[EventRounds "10"]
[EventCountry "GGB"]
[Source "www.saund.co.uk"]
[SourceDate "2005.02.07"]

1. Nf3 d5 2. g3 Nf6 3. Bg2 c6 4. c4 e6 5. O-O Be7 6. d4 O-O 7. Qc2 Nbd7 8. Rd1
b6 9. b3 Bb7 10. Nc3 Qc8 11. Bb2 Re8 12. Rac1 h6 13. e4 Nxe4 14. Nxe4 dxe4 15.
Qxe4 c5 16. Qe2 Qc7 17. dxc5 Bxc5 18. Ne5 Nxe5 19. Bxe5 Qe7 20. Rd3 Bxg2 21.
Kxg2 Rad8 22. Rcd1 Rxd3 23. Qxd3 f6 24. Bc3 e5 25. Qd7 a5 26. Kf1 Qf7 27. Qxf7+
Kxf7 28. Rd5 Ke7 29. Ke2 Rd8 30. Rxd8 Kxd8 31. f4 exf4 32. gxf4 Ke7 33. f5 Kf7
34. Kf3 h5 35. Ke4 g5 36. h3 Ke7 37. Kd5 Bf2 38. Bd2 Kd7 39. Bc3 Ke7 40. Bd2
Kd7 41. a3 Bc5 42. b4 axb4 43. axb4 Bf2 44. c5 bxc5 45. bxc5 g4 46. hxg4 hxg4
47. c6+ Kc8 48. Ke4 g3 49. Kf3 Kc7 50. Bc3 Kxc6 51. Bxf6 Kd7 52. Be5 Ke7
1/2-1/2

[Event "Tradewise Gibraltar Masters 14th"]
[Site "Gibraltar"]
[Date "2016.02.03"]
[Round "9.62"]
[White "Goriatchkin, Jouri"]
[Black "Nezad, Husein Aziz"]
[Result "0-1"]
[WhiteElo "2300"]
[BlackElo "2422"]
[PlyCount "98"]
[EventDate "2016.01.26"]
[EventType "swiss"]
[EventRounds "10"]
[EventCountry "GGB"]
[Source "www.saund.co.uk"]
[SourceDate "2005.02.07"]

1. d4 Nf6 2. c4 g6 3. Nc3 Bg7 4. e4 d6 5. Nf3 O-O 6. Be2 e5 7. Be3 exd4 8. Nxd4
Re8 9. f3 c6 10. Bf2 d5 11. exd5 cxd5 12. c5 Nc6 13. O-O Bf8 14. Nxc6 bxc6 15.
b4 Nh5 16. g3 Ng7 17. Re1 Ne6 18. Qd2 Bd7 19. Rad1 Qf6 20. Kg2 a5 21. Na4 Ng5
22. h4 Rxe2 23. hxg5 Rxd2 24. gxf6 Rxf2+ 25. Kxf2 axb4 26. Nb2 Bxc5+ 27. Ke2
Rxa2 28. Rd2 b3 29. Nd3 Bd4 30. Rb1 Ra3 31. Nc1 Bc3 32. Nxb3 Bf5 33. Rbb2 Bxd2
34. Kxd2 h5 35. Ke2 g5 36. Nd4 Bd3+ 37. Kf2 c5 38. Nc6 d4 39. Ne5 Bg6 40. Rb8+
Kh7 41. Rc8 Ra2+ 42. Ke1 h4 43. gxh4 gxh4 44. f4 h3 45. Nf3 Bh5 46. Ng5+ Kg6
47. Nxh3 d3 48. Rd8 Re2+ 49. Kf1 d2 0-1

[Event "Tradewise Gibraltar Masters 14th"]
[Site "Gibraltar"]
[Date "2016.02.03"]
[Round "9.63"]
[White "Ben Artzi, Ido"]
[Black "Lombaers, Peter"]
[Result "1-0"]
[WhiteElo "2418"]
[BlackElo "2328"]
[PlyCount "59"]
[EventDate "2016.01.26"]
[EventType "swiss"]
[EventRounds "10"]
[EventCountry "GGB"]
[Source "www.saund.co.uk"]
[SourceDate "2005.02.07"]

1. d4 f5 2. c4 Nf6 3. Nf3 g6 4. g3 Bg7 5. Bg2 O-O 6. O-O d6 7. Nc3 e6 8. b4 Nc6
9. Qb3 Ne4 10. Be3 e5 11. c5+ Kh8 12. dxe5 Nxc3 13. Qxc3 dxe5 14. Rad1 Qe8 15.
b5 Nd8 16. Rxd8 Qxd8 17. Nxe5 Qe7 18. Bd4 Rb8 19. f4 Be6 20. Qa3 Kg8 21. e3
Bxe5 22. Bxe5 a6 23. b6 cxb6 24. Bd6 Qf7 25. Bxb8 Rxb8 26. cxb6 Rd8 27. Rc1 Rd2
28. Qc3 Rxa2 29. Qe5 Qd7 30. Qb8+ 1-0

[Event "Tradewise Gibraltar Masters 14th"]
[Site "Gibraltar"]
[Date "2016.02.03"]
[Round "9.64"]
[White "Plotkin, Victor"]
[Black "Holm, Kristian Stuvik"]
[Result "1/2-1/2"]
[WhiteElo "2291"]
[BlackElo "2417"]
[PlyCount "211"]
[EventDate "2016.01.26"]
[EventType "swiss"]
[EventRounds "10"]
[EventCountry "GGB"]
[Source "www.saund.co.uk"]
[SourceDate "2005.02.07"]

1. e4 c6 2. d4 d5 3. exd5 cxd5 4. Nf3 Nc6 5. Bd3 Bg4 6. c3 e6 7. Bf4 Nf6 8. Qb3
Qc8 9. Nbd2 Be7 10. O-O O-O 11. Rfe1 Bh5 12. Ne5 Nxe5 13. Bxe5 Bg6 14. Be2 Qd7
15. Nf3 Ne4 16. Bf4 Bd6 17. Ne5 Bxe5 18. Bxe5 Rfc8 19. Red1 Nd6 20. Bf4 Nc4 21.
a4 a5 22. Qa2 Nd6 23. Rac1 Nf5 24. b3 Rd8 25. Qa3 Rac8 26. Bb5 Qe7 27. Qxe7
Nxe7 28. c4 dxc4 29. bxc4 Be4 30. f3 Bc6 31. Kf2 f6 32. g4 Kf7 33. Bg3 h5 34.
gxh5 Rd7 35. Ke2 Rh8 36. Bxc6 bxc6 37. Bf2 Rxh5 38. h4 Rh8 39. Rb1 Rhd8 40. Rb6
e5 41. Ra6 exd4 42. Rxa5 Ng6 43. Rc5 Nf4+ 44. Kf1 Ra8 45. Rxc6 Rxa4 46. Rc8 Ne6
47. Rc1 Ra3 48. c5 Rc3 49. Rb1 Rxc5 50. Rxc5 Nxc5 51. Rd1 Ne6 52. Ke2 Kg6 53.
Bg3 Kf5 54. Ra1 Rd5 55. Kd3 Rb5 56. Ra3 Rc5 57. Bh2 Rd5 58. Kc4 Rc5+ 59. Kd3
Rb5 60. Bg3 Kg6 61. Bf2 Rb4 62. Ke4 Rb2 63. Bg1 Re2+ 64. Kd3 Re1 65. Bf2 Re5
66. Kd2 Rb5 67. Kd3 Rb4 68. Bg3 Rb2 69. Be1 Kf5 70. Bg3 Rg2 71. Ra5+ Kg6 72.
Be1 Rh2 73. Rb5 Ra2 74. Ra5 Rxa5 75. Bxa5 Kf5 76. Bd2 g6 77. Kc4 Ke5 78. Be1
Kf4 79. Kd5 Ng7 80. Kxd4 Kxf3 81. Kd5 Kf4 82. Kd6 Kf5 83. Ke7 Nh5 84. Bc3 g5
85. Bxf6 g4 86. Bd4 g3 87. Kd6 Kg4 88. Ke5 Kxh4 89. Kf5 g2 90. Bf2+ Kh3 91. Ke4
Kg4 92. Ke3 Nf4 93. Bg1 Nh3 94. Ke2 Kg3 95. Bb6 Nf4+ 96. Ke1 Kf3 97. Bg1 Ne2
98. Bb6 Nc1 99. Kd2 Nb3+ 100. Kd3 Na5 101. Bg1 Nc6 102. Kd2 Ne5 103. Ba7 Nc4+
104. Kd3 Ne5+ 105. Kd2 Ng4 106. Bg1 1/2-1/2

[Event "Tradewise Gibraltar Masters 14th"]
[Site "Gibraltar"]
[Date "2016.02.03"]
[Round "9.65"]
[White "Docx, Stefan"]
[Black "Papp, Petra"]
[Result "1-0"]
[WhiteElo "2416"]
[BlackElo "2308"]
[PlyCount "87"]
[EventDate "2016.01.26"]
[EventType "swiss"]
[EventRounds "10"]
[EventCountry "GGB"]
[Source "www.saund.co.uk"]
[SourceDate "2005.02.07"]

1. Nf3 c5 2. c4 Nc6 3. d4 cxd4 4. Nxd4 e6 5. Nc3 Nf6 6. a3 Be7 7. e4 O-O 8. Nc2
b6 9. f4 d6 10. Bd3 Bb7 11. Qe2 Rc8 12. O-O Qc7 13. b4 a6 14. Bb2 Rfe8 15. Rad1
Nd7 16. Qf2 Bf8 17. Be2 Nf6 18. Qe3 Nd7 19. Rd2 Rcd8 20. Rfd1 Ba8 21. Bf3 Bb7
22. Qf2 Ncb8 23. Ne3 Nc6 24. g3 Ba8 25. Bg2 Bb7 26. g4 Ba8 27. g5 Bb7 28. h4
Ba8 29. h5 Bb7 30. h6 g6 31. Ng4 Be7 32. Nd5 exd5 33. cxd5 Nce5 34. fxe5 Bxg5
35. Rc2 Qb8 36. Rf1 Rf8 37. exd6 Qxd6 38. e5 Qb8 39. Qd4 f6 40. e6 Ne5 41. e7
Nxg4 42. Qxg4 Be3+ 43. Kh1 Rxd5 44. Qe6+ 1-0

[Event "Tradewise Gibraltar Masters 14th"]
[Site "Gibraltar"]
[Date "2016.02.03"]
[Round "9.66"]
[White "Perez Garcia, Alejandro"]
[Black "Csonka, Balazs"]
[Result "0-1"]
[WhiteElo "2273"]
[BlackElo "2415"]
[PlyCount "44"]
[EventDate "2016.01.26"]
[EventType "swiss"]
[EventRounds "10"]
[EventCountry "GGB"]
[Source "www.saund.co.uk"]
[SourceDate "2005.02.07"]

1. c4 g6 2. d4 Nf6 3. Nc3 d5 4. Bf4 Bg7 5. Nf3 O-O 6. Rc1 Be6 7. Ng5 c5 8. dxc5
d4 9. Nb5 Nc6 10. Nc7 Bf5 11. Nxa8 e5 12. Bd2 e4 13. b4 Qe7 14. Bf4 Rxa8 15.
Bd6 Qd8 16. b5 e3 17. fxe3 dxe3 18. Qa4 Nd4 19. g3 Ne4 20. Nf3 Nxc5 21. Qa3
Qxd6 22. Qxe3 Nc2+ 0-1

[Event "Tradewise Gibraltar Masters 14th"]
[Site "Gibraltar"]
[Date "2016.02.03"]
[Round "9.67"]
[White "Vogt, Lothar"]
[Black "Bach, Matthias"]
[Result "1-0"]
[WhiteElo "2409"]
[BlackElo "2301"]
[PlyCount "57"]
[EventDate "2016.01.26"]
[EventType "swiss"]
[EventRounds "10"]
[EventCountry "GGB"]
[Source "www.saund.co.uk"]
[SourceDate "2005.02.07"]

1. d4 Nf6 2. Nf3 g6 3. c4 c5 4. Nc3 Bg7 5. e4 cxd4 6. Nxd4 d6 7. Be2 O-O 8. O-O
Nc6 9. Be3 Bd7 10. Qd2 Nxd4 11. Bxd4 Bc6 12. f3 a5 13. b3 Nd7 14. Be3 Nc5 15.
Rab1 f5 16. exf5 gxf5 17. Nd5 Rf7 18. Rbd1 Bxd5 19. Qxd5 b6 20. f4 e6 21. Qxd6
Rd7 22. Qc6 Bd4 23. Kh1 Rc8 24. Qf3 Bxe3 25. Qxe3 Rc6 26. g4 Rxd1 27. Rxd1 Rd6
28. Rg1 Ne4 29. gxf5+ 1-0

[Event "Tradewise Gibraltar Masters 14th"]
[Site "Gibraltar"]
[Date "2016.02.03"]
[Round "9.68"]
[White "Henderson De La Fuente, Lance"]
[Black "Codenotti, Marco"]
[Result "1/2-1/2"]
[WhiteElo "2270"]
[BlackElo "2406"]
[PlyCount "112"]
[EventDate "2016.01.26"]
[EventType "swiss"]
[EventRounds "10"]
[EventCountry "GGB"]
[Source "www.saund.co.uk"]
[SourceDate "2005.02.07"]

1. e4 c5 2. Nf3 d6 3. Bb5+ Nd7 4. d4 cxd4 5. Qxd4 e5 6. Qd3 h6 7. c4 Ngf6 8.
Nc3 Be7 9. O-O O-O 10. Bxd7 Bxd7 11. Rd1 a6 12. Nd2 Qb8 13. a4 Bc6 14. f3 Bd8
15. Nf1 Bb6+ 16. Be3 Qa7 17. a5 Bxe3+ 18. Qxe3 Qb8 19. Qd2 Rd8 20. Ne3 b6 21.
Ncd5 Bxd5 22. Nxd5 Nxd5 23. cxd5 bxa5 24. Rxa5 Rc8 25. Rda1 Qb3 26. R5a3 Qb5
27. Ra5 Qb6+ 28. Qf2 Qb7 29. h3 Rc4 30. Qe2 Rac8 31. Rxa6 Rc2 32. Qf1 Qxb2 33.
Ra8 Rxa8 34. Rxa8+ Kh7 35. Kh2 Rf2 36. Qg1 Rxf3 37. Ra6 Qd2 38. Ra1 Rf2 39. Kh1
g6 40. Rf1 Rxf1 41. Qxf1 Kg7 42. Qa6 Qb4 43. Qc6 h5 44. Kh2 h4 45. Qd7 g5 46.
Qe7 Qd2 47. Qxd6 Qf4+ 48. Kh1 Qxe4 49. Qe7 Qb1+ 50. Kh2 Qf5 51. d6 Qf6 52. Qc7
Qf4+ 53. Kg1 e4 54. Qc3+ Qf6 55. Qd2 Qd8 56. Qc3+ Qf6 1/2-1/2

[Event "Tradewise Gibraltar Masters 14th"]
[Site "Gibraltar"]
[Date "2016.02.03"]
[Round "9.69"]
[White "Houska, Jovanka"]
[Black "Pratyusha, Bodda"]
[Result "1-0"]
[WhiteElo "2402"]
[BlackElo "2278"]
[PlyCount "97"]
[EventDate "2016.01.26"]
[EventType "swiss"]
[EventRounds "10"]
[EventCountry "GGB"]
[Source "www.saund.co.uk"]
[SourceDate "2005.02.07"]

1. d4 d5 2. Nf3 Nf6 3. c4 c6 4. e3 g6 5. Nc3 Bg7 6. Be2 O-O 7. O-O Bg4 8. cxd5
cxd5 9. h3 Bxf3 10. Bxf3 e6 11. Bd2 Nbd7 12. Qe2 a6 13. Rfc1 Nb6 14. Be1 Qd7
15. a4 Nc4 16. b3 Na5 17. Nxd5 Nxb3 18. Nb6 Nxc1 19. Rxc1 Qe7 20. Nxa8 Rxa8 21.
Qc4 Ne8 22. Qb3 Rb8 23. Qb6 e5 24. Qa7 Qd8 25. Ba5 b6 26. Bb4 Rc8 27. Rxc8 Qxc8
28. Bd5 Nc7 29. Bb7 Qd8 30. d5 a5 31. Ba3 Ne8 32. Bc6 Bf8 33. Bxe8 Bxa3 34.
Bxf7+ Kh8 35. Be6 Bc5 36. g4 Qf6 37. Qc7 e4 38. h4 h6 39. Qb8+ Bf8 40. Qxb6
Qa1+ 41. Kg2 Qf6 42. Qb1 Qf3+ 43. Kg1 Bd6 44. Qb2+ Kh7 45. Qb7+ Kh8 46. Qc8+
Bf8 47. Bf5 Kg7 48. Qd7+ Kh8 49. Qe8 1-0

[Event "Tradewise Gibraltar Masters 14th"]
[Site "Gibraltar"]
[Date "2016.02.03"]
[Round "9.70"]
[White "Solomon, Kenny"]
[Black "Vea, Odin Blikra"]
[Result "0-1"]
[WhiteElo "2390"]
[BlackElo "2271"]
[PlyCount "164"]
[EventDate "2016.01.26"]
[EventType "swiss"]
[EventRounds "10"]
[EventCountry "GGB"]
[Source "www.saund.co.uk"]
[SourceDate "2005.02.07"]

1. Nf3 Nf6 2. c4 g6 3. Nc3 Bg7 4. e4 d6 5. d4 O-O 6. Be2 e5 7. Be3 Ng4 8. Bg5
f6 9. Bh4 g5 10. Bg3 Nh6 11. d5 f5 12. exf5 Nxf5 13. Nd2 Nd7 14. Nde4 h6 15.
O-O Nf6 16. Nxf6+ Qxf6 17. Ne4 Qe7 18. Rc1 Nd4 19. Bg4 Qf7 20. Re1 Bf5 21. Bxf5
Nxf5 22. h3 b6 23. b4 a5 24. a3 axb4 25. axb4 Ra3 26. Ra1 Rfa8 27. Rxa3 Rxa3
28. Qc1 Ra4 29. Qb2 Qe8 30. Nc3 Ra8 31. Qc1 Qf7 32. Qd2 Re8 33. Ne4 Ra8 34. Qd3
Nd4 35. f3 b5 36. Rc1 Ra2 37. Nc3 bxc4 38. Qxc4 Rd2 39. Qf1 e4 40. Nxe4 Ne2+
41. Kh1 Qxd5 42. Be1 Ra2 43. Rb1 Qd3 44. Bf2 d5 45. Nc5 Qc2 46. Qd1 d4 47. Qxc2
Rxc2 48. Ra1 Be5 49. Nd3 Bd6 50. Be1 Kf7 51. b5 Ke6 52. Ba5 Kd5 53. b6 cxb6 54.
Bxb6 Rd2 55. Nf2 Ng3+ 56. Kg1 Bf4 57. Nd1 Ne2+ 58. Kf2 Nc3+ 59. Ke1 Rxg2 60.
Ra5+ Kc4 61. Kf1 Ra2 62. Rxa2 Nxa2 63. Nb2+ Kc3 64. Na4+ Kb3 65. Nc5+ Kc4 66.
Ne6 Be5 67. f4 gxf4 68. Bxd4 Bxd4 69. Nxf4 Be5 70. Ne2 Kd3 71. Kf2 Ke4 72. Kg2
Ke3 73. Ng1 Nb4 74. Nf3 Nd3 75. h4 Bf4 76. h5 Ke4 77. Nh4 Bd6 78. Ng6 Kf5 79.
Nh4+ Kg5 80. Ng6 Kxh5 81. Nh8 Ne5 82. Kf2 Bf8 0-1

[Event "Tradewise Gibraltar Masters 14th"]
[Site "Gibraltar"]
[Date "2016.02.03"]
[Round "9.71"]
[White "Galinsky, Timofey"]
[Black "Nava Pereda, Carlos"]
[Result "1-0"]
[WhiteElo "2379"]
[BlackElo "2262"]
[PlyCount "83"]
[EventDate "2016.01.26"]
[EventType "swiss"]
[EventRounds "10"]
[EventCountry "GGB"]
[Source "www.saund.co.uk"]
[SourceDate "2005.02.07"]

1. e4 d5 2. exd5 Qxd5 3. Nc3 Qd6 4. d4 Nf6 5. g3 c6 6. Bg2 Bf5 7. Bf4 Qd8 8.
Nf3 e6 9. O-O h6 10. Qe2 Be7 11. Rad1 O-O 12. Ne5 Nbd7 13. a3 Nd5 14. Nxd5 exd5
15. g4 Nxe5 16. dxe5 Be6 17. h3 Qb6 18. Bc1 d4 19. Kh1 Rad8 20. f4 Qc5 21. b3
Bd5 22. Bb2 a5 23. Rd3 Bxg2+ 24. Qxg2 g5 25. Rfd1 gxf4 26. Bxd4 Qxa3 27. e6 c5
28. Ra1 Qb4 29. Bc3 Qb5 30. exf7+ Rxf7 31. Rxd8+ Bxd8 32. Qe4 Qc6 33. Qxc6 bxc6
34. Bxa5 Bg5 35. Bb6 Rd7 36. Ra8+ Kf7 37. Ra7 Rxa7 38. Bxa7 c4 39. bxc4 Ke6 40.
Kg2 h5 41. Bb8 hxg4 42. hxg4 1-0

[Event "Tradewise Gibraltar Masters 14th"]
[Site "Gibraltar"]
[Date "2016.02.03"]
[Round "9.72"]
[White "Hill, Alistair"]
[Black "Gulamali, Kazim"]
[Result "1/2-1/2"]
[WhiteElo "2167"]
[BlackElo "2379"]
[PlyCount "70"]
[EventDate "2016.01.26"]
[EventType "swiss"]
[EventRounds "10"]
[EventCountry "GGB"]
[Source "www.saund.co.uk"]
[SourceDate "2005.02.07"]

1. d4 Nf6 2. c4 e6 3. Nf3 c5 4. d5 b5 5. dxe6 fxe6 6. cxb5 a6 7. e3 Be7 8. a4
O-O 9. b3 Bb7 10. Nbd2 d5 11. Bb2 Bd6 12. Bd3 Qe8 13. Be5 Bxe5 14. Nxe5 Nbd7
15. Nxd7 Nxd7 16. O-O Ne5 17. bxa6 Bxa6 18. Bxa6 Rxa6 19. f4 Nc6 20. Nf3 Qe7
21. Rc1 g6 22. Qd3 Ra5 23. g3 Qb7 24. Qc3 Ra6 25. Rb1 Qa7 26. Rfc1 Ra5 27. Ne5
Nb4 28. Rb2 Rd8 29. Nd3 d4 30. Qc4 Nxd3 31. Qxd3 Qb6 32. e4 Rxa4 33. bxa4 Qxb2
34. Rxc5 Qa1+ 35. Kg2 Qxa4 1/2-1/2

[Event "Tradewise Gibraltar Masters 14th"]
[Site "Gibraltar"]
[Date "2016.02.03"]
[Round "9.73"]
[White "Quillan, Gary"]
[Black "Midonet, Mathieu"]
[Result "1-0"]
[WhiteElo "2369"]
[BlackElo "2211"]
[PlyCount "111"]
[EventDate "2016.01.26"]
[EventType "swiss"]
[EventRounds "10"]
[EventCountry "GGB"]
[Source "www.saund.co.uk"]
[SourceDate "2005.02.07"]

1. e4 c5 2. Nf3 Nc6 3. Bb5 e6 4. O-O Nge7 5. c3 a6 6. Ba4 b5 7. Bc2 Bb7 8. Re1
Rc8 9. a4 b4 10. d4 bxc3 11. bxc3 cxd4 12. cxd4 Nb4 13. Bb3 d5 14. e5 h6 15.
Na3 Nec6 16. h4 Be7 17. h5 Na5 18. Rb1 Nxb3 19. Qxb3 a5 20. Nh2 Ba6 21. Nb5
Bxb5 22. axb5 Qb6 23. Qg3 Bf8 24. Bd2 Qxb5 25. Rec1 Rc4 26. Nf3 Qc6 27. Ne1 Qc7
28. Ra1 Qb6 29. Bc3 Rg8 30. Nd3 Be7 31. Bxb4 axb4 32. Ra8+ Bd8 33. Rca1 b3 34.
Qf3 b2 35. Rb1 Qc6 36. Ra7 Bc7 37. Rxb2 Ke7 38. Rbb7 Rc8 39. Nb4 Rc1+ 40. Kh2
Qc3 41. Qg4 Qe1 42. Nxd5+ Kd8 43. Qxg7 exd5 44. Qf8+ Kd7 45. Qxf7+ Kd8 46.
Qxd5+ Ke8 47. Qg8+ Kd7 48. Qf7+ Kd8 49. Qf8+ Kd7 50. Rxc7+ R8xc7 51. Qd6+ Ke8
52. Rxc7 Rxc7 53. Qxc7 Qxf2 54. Qd6 Kf7 55. e6+ Kf6 56. Qf8+ 1-0

[Event "Tradewise Gibraltar Masters 14th"]
[Site "Gibraltar"]
[Date "2016.02.03"]
[Round "9.74"]
[White "Vuilleumier, Alexandre"]
[Black "Dolzhikova, Olga"]
[Result "1/2-1/2"]
[WhiteElo "2356"]
[BlackElo "2126"]
[PlyCount "115"]
[EventDate "2016.01.26"]
[EventType "swiss"]
[EventRounds "10"]
[EventCountry "GGB"]
[Source "www.saund.co.uk"]
[SourceDate "2005.02.07"]

1. d4 Nf6 2. Nf3 e6 3. Bf4 d6 4. h3 Nc6 5. Nc3 Nd7 6. Bh2 e5 7. e4 g6 8. dxe5
Ndxe5 9. Nxe5 Nxe5 10. f4 Nc6 11. Qd2 Bg7 12. O-O-O Qf6 13. g4 Qd4 14. Qxd4
Nxd4 15. Nd5 Kd8 16. e5 Nc6 17. Bg2 Bd7 18. exd6 cxd6 19. Nc3 Bxc3 20. bxc3 f5
21. Rxd6 Kc7 22. Rhd1 Rad8 23. g5 Bc8 24. Rf6 Rxd1+ 25. Kxd1 Rd8+ 26. Kc1 Rd6
27. Rf7+ Rd7 28. Bd5 Rxf7 29. Bxf7 Kd6 30. Bg8 Ke7 31. Kd2 Be6 32. Bxe6 Kxe6
33. Kd3 Kd5 34. c4+ Kd6 35. Bg1 a6 36. Be3 Nd8 37. Bd4 Ne6 38. Be5+ Kc6 39. Kc3
Kc5 40. Bb8 Nd8 41. Ba7+ Kc6 42. Be3 Kd6 43. Kb4 Kc6 44. Kc3 Ne6 45. Kd3 Kd6
46. h4 Kc7 47. Ke2 Kc6 48. Kf3 Nd8 49. h5 Nf7 50. hxg6 hxg6 51. Kg2 Nd8 52. Kf3
Ne6 53. Kg3 Kd6 54. Ba7 Kc6 55. Bb8 Kb6 56. Bd6 Kc6 57. Bb4 Nd8 58. Kf3 1/2-1/2

[Event "Tradewise Gibraltar Masters 14th"]
[Site "Gibraltar"]
[Date "2016.02.03"]
[Round "9.75"]
[White "Menna Barreto, Felipe Kubiaki"]
[Black "Santiago, Yago De Moura"]
[Result "0-1"]
[WhiteElo "2247"]
[BlackElo "2422"]
[PlyCount "52"]
[EventDate "2016.01.26"]
[EventType "swiss"]
[EventRounds "10"]
[EventCountry "GGB"]
[Source "www.saund.co.uk"]
[SourceDate "2005.02.07"]

1. d4 Nf6 2. c4 c5 3. e3 g6 4. Nc3 Bg7 5. Nf3 O-O 6. Be2 d5 7. O-O cxd4 8. exd4
Nc6 9. h3 dxc4 10. Bxc4 b6 11. Bg5 Bb7 12. Qd2 Rc8 13. Rad1 Na5 14. Be2 Nc4 15.
Bxc4 Rxc4 16. Ne5 Rxc3 17. Qxc3 Ne4 18. Qe3 Nxg5 19. Qxg5 f6 20. Qg4 Bc8 21.
Qe2 fxe5 22. Qc4+ e6 23. dxe5 Qe7 24. f4 Bb7 25. Rd6 Bd5 26. Qa4 g5 0-1

[Event "Tradewise Gibraltar Masters 14th"]
[Site "Gibraltar"]
[Date "2016.02.03"]
[Round "9.76"]
[White "Verneuil, Pascal"]
[Black "Kohlweyer, Bernd"]
[Result "0-1"]
[WhiteElo "2205"]
[BlackElo "2404"]
[PlyCount "54"]
[EventDate "2016.01.26"]
[EventType "swiss"]
[EventRounds "10"]
[EventCountry "GGB"]
[Source "www.saund.co.uk"]
[SourceDate "2005.02.07"]

1. e4 c5 2. b3 g6 3. Bb2 Nf6 4. e5 Nd5 5. Bc4 Nb6 6. e6 f6 7. exd7+ Bxd7 8. Qe2
e5 9. f4 Nxc4 10. Qxc4 b5 11. Qe2 Bg7 12. Nc3 O-O 13. fxe5 fxe5 14. O-O-O Nc6
15. Nxb5 Nd4 16. Nxd4 cxd4 17. Nf3 Rc8 18. Kb1 Rxc2 19. Rc1 d3 20. Qe3 Rxb2+
21. Kxb2 e4+ 22. Kb1 exf3 23. gxf3 Qa5 24. Qc5 Qxd2 25. Qa3 Qg2 26. Rhd1 Bf5
27. Rc5 Qe2 0-1

[Event "Tradewise Gibraltar Masters 14th"]
[Site "Gibraltar"]
[Date "2016.02.03"]
[Round "9.77"]
[White "Saber, Yasser"]
[Black "Bellon Lopez, Juan Manuel"]
[Result "1-0"]
[WhiteElo "2230"]
[BlackElo "2376"]
[PlyCount "81"]
[EventDate "2016.01.26"]
[EventType "swiss"]
[EventRounds "10"]
[EventCountry "GGB"]
[Source "www.saund.co.uk"]
[SourceDate "2005.02.07"]

1. d4 c5 2. Nf3 cxd4 3. Nxd4 d5 4. Nc3 e5 5. Ndb5 d4 6. Nd5 Na6 7. c4 Nf6 8.
Qa4 Bd7 9. Bg5 Be7 10. Bxf6 gxf6 11. g3 Nc5 12. Nbc7+ Kf8 13. Qa3 Rc8 14. Nxe7
Qxe7 15. Nd5 Qd6 16. Bg2 Kg7 17. O-O b5 18. b4 Na4 19. c5 Qe6 20. Qb3 Bc6 21.
e4 a5 22. f4 h5 23. fxe5 fxe5 24. Bh3 Bxd5 25. Bxe6 Bxb3 26. Rxf7+ Kg6 27. axb3
Rc6 28. Bd5 Nc3 29. Raf1 Rhc8 30. Bxc6 Rxc6 31. bxa5 Nxe4 32. b4 d3 33. Rd7 d2
34. Kg2 Kg5 35. h4+ Kg6 36. Rd1 Kf5 37. R1xd2 Nxd2 38. Rxd2 Rg6 39. Kf2 Rg4 40.
Ra2 Rxb4 41. a6 1-0

[Event "Tradewise Gibraltar Masters 14th"]
[Site "Gibraltar"]
[Date "2016.02.03"]
[Round "9.78"]
[White "Bitensky, Igor"]
[Black "House, Glenn L"]
[Result "1-0"]
[WhiteElo "2362"]
[BlackElo "2226"]
[PlyCount "111"]
[EventDate "2016.01.26"]
[EventType "swiss"]
[EventRounds "10"]
[EventCountry "GGB"]
[Source "www.saund.co.uk"]
[SourceDate "2005.02.07"]

1. d4 Nf6 2. Bg5 g6 3. c4 Bg7 4. Nc3 c5 5. d5 d6 6. e4 O-O 7. f3 a6 8. a4 Qa5
9. Ra3 e6 10. Qd2 exd5 11. cxd5 Re8 12. Nge2 Nbd7 13. Nc1 Ne5 14. Be2 c4 15.
O-O Rb8 16. Be3 h5 17. h3 Qc7 18. a5 Nh7 19. Kh1 f5 20. f4 Nf7 21. Bb6 Qe7 22.
exf5 Bxf5 23. Bxc4 Nf6 24. Bf2 Qd7 25. Bh4 Nh6 26. Bd3 Bxd3 27. Qxd3 Nf5 28.
Bf2 h4 29. N1e2 Nh5 30. Ne4 Qe7 31. Ra4 Bxb2 32. Qf3 Bf6 33. Qg4 Kh7 34. Rb1
Rbc8 35. Rab4 Rc7 36. Qf3 Kh6 37. Kh2 Kh7 38. R1b3 Kh6 39. Rb1 Kh7 40. Kh1 Bg7
41. Kh2 Bh8 42. Ng1 Bf6 43. Re1 Qf7 44. Qg4 Rce7 45. Nf3 Kg7 46. Nxh4 Bxh4 47.
Bxh4 Nxh4 48. Nxd6 Rxe1 49. Nxf7 Nxg2 50. Rxb7 Ngxf4 51. Nd6+ Kh6 52. Nxe8 Rxe8
53. d6 Re3 54. h4 Ne6 55. Re7 Nhf4 56. Qxf4+ 1-0

[Event "Tradewise Gibraltar Masters 14th"]
[Site "Gibraltar"]
[Date "2016.02.03"]
[Round "9.79"]
[White "Guthrie, David"]
[Black "Lazarne Vajda, Szidonia"]
[Result "1/2-1/2"]
[WhiteElo "2187"]
[BlackElo "2359"]
[PlyCount "61"]
[EventDate "2016.01.26"]
[EventType "swiss"]
[EventRounds "10"]
[EventCountry "GGB"]
[Source "www.saund.co.uk"]
[SourceDate "2005.02.07"]

1. d4 Nf6 2. c4 e6 3. Nc3 Bb4 4. Qc2 d5 5. a3 Bxc3+ 6. Qxc3 Ne4 7. Qc2 b6 8.
cxd5 exd5 9. Bf4 Nd6 10. Rc1 c6 11. e3 Bb7 12. Bd3 Qe7 13. Nf3 Nd7 14. O-O Ne4
15. Bxe4 Qxe4 16. Qxe4+ dxe4 17. Nd2 c5 18. Nc4 O-O 19. Rfd1 Ba6 20. Ne5 Nxe5
21. Bxe5 Rfe8 22. Bd6 cxd4 23. Rxd4 Rac8 24. Rc7 Rxc7 25. Bxc7 Bd3 26. Rd8 Rxd8
27. Bxd8 Kf8 28. Bc7 Ke7 29. Bb8 a6 30. Ba7 b5 31. f3 1/2-1/2